[Event "Kandidatklassen 2015"]
[Site "Svendborg"]
[Date "2015.04.04"]
[Round "5"]
[White "Matthiesen, Martin"]
[Black "Olsen, Filip Boe"]
[Result "1-0"]
[WhiteElo "2282"]
[BlackElo "2062"]
[PlyCount "89"]
[EventDate "2015.??.??"]

1. d4 d5 2. c4 c6 3. Nf3 Nf6 4. Nc3 e6 5. Bg5 Nbd7 6. e3 Qa5 7. cxd5 exd5 8.
Nd2 Bb4 9. Qc2 O-O 10. Bd3 h6 11. Bh4 Ne8 12. O-O Nd6 13. Nb3 Qb6 14. Na4 Qc7
15. a3 b5 16. axb4 bxa4 17. Rxa4 Nb6 18. Raa1 Nbc4 19. Rfc1 Rb8 20. Nc5 f5 21.
b3 Nb6 22. Na6 Bxa6 23. Bxa6 Nbc8 24. Bg3 Ne7 25. Qc5 Rf6 26. Be5 Rg6 27. Bf1
Rb7 28. b5 Ne4 29. Bxc7 Nxc5 30. dxc5 Rxc7 31. b6 axb6 32. cxb6 Rb7 33. Ra7
Rxb6 34. Rxe7 Rxb3 35. Rc7 Rb6 36. Ra1 Rb3 37. Ra6 Rc3 38. g3 f4 39. exf4 Rd6
40. Raa7 d4 41. Rxg7+ Kf8 42. f5 d3 43. Rgd7 Rxd7 44. Rxd7 c5 45. Rxd3 1-0

[Event "Kandidatklassen 2015"]
[Site "Svendborg"]
[Date "2015.04.04"]
[Round "5"]
[White "Jaksland, Tim"]
[Black "Furrer, Christian"]
[Result "1-0"]
[WhiteElo "2277"]
[BlackElo "2146"]
[PlyCount "65"]
[EventDate "2015.??.??"]

1. Nf3 Nf6 2. c4 g6 3. Nc3 Bg7 4. g3 O-O 5. Bg2 d6 6. d4 Nc6 7. O-O a6 8. Bf4
Rb8 9. Rc1 Bd7 10. Nd5 Nh5 11. Be3 e6 12. Nc3 b5 13. cxb5 axb5 14. b3 Nf6 15.
d5 Ne7 16. dxe6 fxe6 17. b4 Nf5 18. Bg5 h6 19. Bd2 Bc6 20. Qc2 Ba8 21. e4 Ne7
22. Nd4 Nxe4 23. Nxe6 Qc8 24. Nxf8 Nxd2 25. Nxg6 Nxg6 26. Qxd2 Bxg2 27. Kxg2
Qg4 28. f3 Qxb4 29. Qd5+ Kh7 30. Ne4 c5 31. Qxd6 Ra8 32. Qxc5 Rxa2+ 33. Rf2 1-0

[Event "Kandidatklassen 2015"]
[Site "Svendborg"]
[Date "2015.04.04"]
[Round "5"]
[White "Kolbak, Jens"]
[Black "Dyrgaard, Kristoffer"]
[Result "1/2-1/2"]
[WhiteElo "2208"]
[BlackElo "2256"]
[PlyCount "125"]
[EventDate "2015.??.??"]

1. Nf3 c5 2. g3 Nc6 3. d4 cxd4 4. Nxd4 g6 5. Bg2 Bg7 6. Nxc6 bxc6 7. O-O Rb8 8.
Nc3 Nf6 9. Rb1 Qc7 10. e4 O-O 11. Be3 d6 12. h3 Ba6 13. Re1 Nd7 14. Qd2 Rfe8
15. b3 Qa5 16. Na4 Qxd2 17. Bxd2 c5 18. Nc3 Ne5 19. Nd5 Bb7 20. f4 Nc6 21. c3
e6 22. Ne3 f5 23. exf5 gxf5 24. Nc4 Bf8 25. Rbd1 Nd8 26. Bxb7 Rxb7 27. Be3 d5
28. Ne5 Rg7 29. Kh2 h5 30. Bf2 Nb7 31. Nf3 Nd6 32. Bxc5 Ne4 33. Bxf8 Kxf8 34.
Ng5 Nxc3 35. Rc1 Ne4 36. Rc6 Nxg5 37. fxg5 Rge7 38. Re5 Kf7 39. Kg2 Rg8 40. h4
Rb8 41. Kf2 Rb6 42. Rc8 Ra6 43. Re2 d4 44. Rh8 Kg7 45. Rh6 d3 46. Rd2 Rd6 47.
Ke3 Red7 48. Rxh5 Rd4 49. Rh6 Rg4 50. Rxe6 Rxg3+ 51. Kf4 Rg4+ 52. Kxf5 Rxh4 53.
Re5 Rhd4 54. g6 R4d6 55. Re6 Rd4 56. Re5 R4d6 57. Ke4 Rd4+ 58. Ke3 Rg4 59. Re6
Rg1 60. Kf2 Rh1 61. Kg2 Rc1 62. Kf2 Rh1 63. Kg2 1/2-1/2

[Event "Kandidatklassen 2015"]
[Site "Svendborg"]
[Date "2015.04.04"]
[Round "5"]
[White "Bekker Jensen, David"]
[Black "Thogersen, Rasmus"]
[Result "0-1"]
[WhiteElo "2228"]
[BlackElo "2133"]
[PlyCount "64"]
[EventDate "2015.??.??"]

1. e4 Nf6 2. e5 Nd5 3. d4 d6 4. Nf3 Bg4 5. h3 Bh5 6. e6 fxe6 7. Be2 Nc6 8. O-O
Qd7 9. Re1 Nf6 10. Nc3 O-O-O 11. Ng5 Bg6 12. Nxe6 Nb4 13. Bb5 c6 14. Ba4 Re8
15. Bf4 Bf5 16. Ng5 h6 17. Nf3 g5 18. Bg3 h5 19. d5 h4 20. dxc6 Nxc6 21. Bh2 e5
22. b4 Bxh3 23. gxh3 Qxh3 24. Bxc6 bxc6 25. Qe2 g4 26. Nxe5 dxe5 27. Bxe5 Kb7
28. Rad1 g3 29. f4 g2 30. Rd3 Qh1+ 31. Kf2 Rg8 32. Rxh1 gxh1=Q 0-1

[Event "Kandidatklassen 2015"]
[Site "Svendborg"]
[Date "2015.04.04"]
[Round "5"]
[White "Hansen, Mads"]
[Black "Stojanovski, Sandi"]
[Result "1-0"]
[WhiteElo "2273"]
[BlackElo "2210"]
[PlyCount "69"]
[EventDate "2015.??.??"]

1. c4 c5 2. g3 g6 3. Bg2 Bg7 4. Nc3 Nc6 5. Nf3 d6 6. O-O Bf5 7. a3 a5 8. Qa4
Bd7 9. Qb3 a4 10. Nxa4 Nf6 11. Nc3 O-O 12. d3 Na5 13. Qd1 Qb6 14. b4 Nc6 15.
Rb1 cxb4 16. axb4 Qc7 17. Qb3 Bg4 18. e3 Qd7 19. d4 Qf5 20. Nd2 Bh3 21. Ne2
Bxg2 22. Kxg2 b5 23. cxb5 Qxb5 24. Nc3 Qb7 25. Kg1 e6 26. b5 Na5 27. Qb4 Nd5
28. Nxd5 Qxd5 29. Ba3 Rfb8 30. Rfc1 e5 31. Rc7 exd4 32. e4 Qa2 33. Bb2 Qe6 34.
Ra1 Bf8 35. Rxa5 1-0

[Event "Kandidatklassen 2015"]
[Site "Svendborg"]
[Date "2015.04.04"]
[Round "5"]
[White "Seegert, Kristian"]
[Black "Bjerre, Jonas Buhl"]
[Result "1-0"]
[WhiteElo "2180"]
[BlackElo "2165"]
[PlyCount "85"]
[EventDate "2015.??.??"]

1. e4 c5 2. Nf3 e6 3. d4 cxd4 4. Nxd4 Nc6 5. Nc3 Qc7 6. Be3 a6 7. Qf3 Nf6 8.
O-O-O b5 9. e5 b4 10. Ncb5 axb5 11. Nxb5 Qb8 12. exf6 g6 13. Kb1 Ra5 14. Bf4 e5
15. Qd5 exf4 16. Bc4 Nd8 17. Rhe1+ Ne6 18. Qd4 Kd8 19. Bxe6 Qxb5 20. Bxf7 Bc5
21. Qxf4 Rf8 22. Bb3 Qb6 23. f7 Be7 24. Qe4 Qf6 25. Rd3 Bd6 26. Red1 Ra6 27. f3
Rb6 28. Qd5 Qe5 29. Qxd6 Rxd6 30. Rxd6 Kc7 31. R6d4 Qe2 32. Rc1 Bb7 33. Rxb4 d5
34. c4 d4 35. c5 d3 36. c6 Bc8 37. Re4 Qxg2 38. Re7+ Kb6 39. a4 Bf5 40. Ka2 d2
41. Rb7+ Ka6 42. Bc4+ Ka5 43. b4+ 1-0

[Event "Kandidatklassen 2015"]
[Site "Svendborg"]
[Date "2015.04.04"]
[Round "5"]
[White "Thybo, Jesper Sondergaard"]
[Black "Christensen, Thomas (1976)"]
[Result "1-0"]
[WhiteElo "2226"]
[BlackElo "2134"]
[PlyCount "93"]
[EventDate "2015.??.??"]

1. d4 g6 2. c4 Bg7 3. Nf3 d6 4. Nc3 Nd7 5. e4 e5 6. Be2 Ne7 7. O-O O-O 8. dxe5
dxe5 9. Be3 f5 10. Ng5 Nf6 11. Bc5 Bd7 12. Qc2 b6 13. Ba3 h6 14. Nf3 Nxe4 15.
Nxe4 fxe4 16. Qxe4 Rf4 17. Qe3 Nf5 18. Qd2 Nd4 19. Nxd4 Rxd4 20. Qe3 Bc6 21.
Rad1 Qf6 22. Be7 Qf7 23. Bb4 Rad8 24. Bc3 Rxd1 25. Rxd1 Rxd1+ 26. Bxd1 Qf5 27.
Qd2 Bf8 28. b4 Be7 29. h3 Bg5 30. Qe2 Bf6 31. Kh2 Qf4+ 32. Kg1 Qg5 33. f3 Qg3
34. c5 Qf4 35. Qd3 e4 36. Qc4+ Kg7 37. Bb3 Bxc3 38. Qxc3+ Qf6 39. Qc4 Qa1+ 40.
Kf2 Qb2+ 41. Kg3 Qe5+ 42. f4 Qe8 43. Qd4+ Kh7 44. Qf6 Qd7 45. Bf7 Qf5 46. Qe7
Qd7 47. Qf8 1-0

[Event "Kandidatklassen 2015"]
[Site "Svendborg"]
[Date "2015.04.04"]
[Round "5"]
[White "Moller, Sophus Mechlenburg"]
[Black "Pedersen, Henrik Dahl"]
[Result "1/2-1/2"]
[WhiteElo "2051"]
[BlackElo "2169"]
[PlyCount "93"]
[EventDate "2015.??.??"]

1. e4 c6 2. d4 d5 3. exd5 cxd5 4. c4 Nf6 5. Nc3 e6 6. Nf3 Bb4 7. cxd5 Nxd5 8.
Qc2 O-O 9. Bd3 h6 10. O-O Bxc3 11. bxc3 Nc6 12. a3 b6 13. c4 Nf6 14. Bb2 Bb7
15. Rfd1 Qd6 16. Ne5 Rfd8 17. Qe2 Rac8 18. Rac1 Nxe5 19. dxe5 Qc6 20. f3 Nd7
21. Bb1 Nf8 22. Rxd8 Rxd8 23. h3 Qc5+ 24. Kh2 Ba6 25. Qc2 Rc8 26. Qa4 Bb7 27.
Qb3 Ng6 28. Bxg6 fxg6 29. Qd3 Kh7 30. Qd7 Qc6 31. Qxc6 Rxc6 32. Bd4 g5 33. c5
Rc8 34. Be3 b5 35. c6 Bxc6 36. Bxa7 Ra8 37. Bc5 Kg6 38. Bd6 Ra6 39. Kg3 Kf7 40.
Kg4 g6 41. g3 Ra4+ 42. Bb4 Ra6 43. f4 gxf4 44. Kxf4 g5+ 45. Ke3 Kg6 46. Rf1 Bg2
47. Rf6+ 1/2-1/2

[Event "Kandidatklassen 2015"]
[Site "Svendborg"]
[Date "2015.04.04"]
[Round "5"]
[White "Pedersen, Jan Nordenbaek"]
[Black "Nielsen, Viktor Haarmark"]
[Result "1/2-1/2"]
[WhiteElo "2143"]
[BlackElo "2097"]
[PlyCount "65"]
[EventDate "2015.??.??"]

1. Nf3 Nf6 2. c4 e6 3. g3 d5 4. Bg2 Be7 5. O-O O-O 6. d3 b6 7. Nbd2 Bb7 8. Qc2
Nbd7 9. b3 c5 10. e4 Qc7 11. Bb2 Rad8 12. h3 Nb8 13. cxd5 exd5 14. Nd4 Nc6 15.
Nxc6 Bxc6 16. e5 Nd7 17. f4 Rc8 18. Rae1 f5 19. exf6 Bxf6 20. Re6 Bxb2 21. Qxb2
Rce8 22. Rfe1 Nf6 23. Nf3 Rxe6 24. Rxe6 Re8 25. Qe2 Qd7 26. Rxe8+ Qxe8 27. Ne5
Ba8 28. g4 d4 29. g5 Nd5 30. Qe4 Nc7 31. Qf5 Bxg2 32. Kxg2 Nd5 33. Kg3 1/2-1/2

[Event "Kandidatklassen 2015"]
[Site "Svendborg"]
[Date "2015.04.04"]
[Round "5"]
[White "Rossen, Claus"]
[Black "Jacobsen, Mikkel Manosri"]
[Result "1-0"]
[WhiteElo "2172"]
[BlackElo "2099"]
[PlyCount "79"]
[EventDate "2015.??.??"]

1. e4 c6 2. d4 d5 3. f3 dxe4 4. fxe4 e5 5. Nf3 Bg4 6. Bc4 Nd7 7. O-O Ngf6 8.
Be3 Bd6 9. d5 Nb6 10. Bb3 cxd5 11. exd5 e4 12. Qe1 Nbd7 13. Nd4 Qe7 14. Nd2 Qe5
15. g3 Rc8 16. Nc4 Rxc4 17. Bxc4 Nb6 18. Bb5+ Kf8 19. Be2 Bh3 20. Rf2 Nbxd5 21.
Qd2 Nxe3 22. Qxe3 Nd5 23. Qb3 e3 24. Rf3 g5 25. Qxb7 Nf4 26. Bc4 Bc7 27. gxf4
Qxd4 28. Qxc7 e2+ 29. Kh1 Qd1+ 30. Rxd1 exd1=Q+ 31. Rf1 Qh5 32. Qb8+ Kg7 33.
Qe5+ Kg8 34. Be2 Qg6 35. f5 Qc6+ 36. Bf3 Qxc2 37. f6 Be6 38. Qxg5+ Qg6 39. Qe5
Qf5 40. Rg1+ 1-0

[Event "Kandidatklassen 2015"]
[Site "Svendborg"]
[Date "2015.04.04"]
[Round "5"]
[White "Andersen, Rune Egede"]
[Black "Rendboe, John Filip"]
[Result "1-0"]
[WhiteElo "2160"]
[BlackElo "2195"]
[PlyCount "131"]
[EventDate "2015.??.??"]

1. e4 c5 2. c3 Nf6 3. e5 Nd5 4. d4 cxd4 5. Nf3 Nc6 6. cxd4 d6 7. Bc4 dxe5 8.
dxe5 Ndb4 9. Qe2 e6 10. O-O Be7 11. a3 Nd5 12. Rd1 O-O 13. Qe4 Qc7 14. Bd2 Nb6
15. Bd3 g6 16. Nc3 a6 17. Rac1 Nd7 18. Re1 Nc5 19. Qe3 Nxd3 20. Qxd3 f5 21.
exf6 Bxf6 22. Qc4 Qg7 23. b4 Nd4 24. Ng5 b5 25. Qa2 Kh8 26. Nce4 Be5 27. Nc5
Qf6 28. Nce4 Qf5 29. Rc5 Bb7 30. f4 Bd5 31. Rxd5 exd5 32. Ng3 Qd3 33. Rxe5 Rac8
34. Re3 Qc4 35. Qxc4 Rxc4 36. Bc3 Kg8 37. Bxd4 Rxd4 38. Ne2 Rd1+ 39. Kf2 d4 40.
Re4 d3 41. Nd4 Ra1 42. Ke3 Rxa3 43. Nge6 Rc8 44. Nc5 a5 45. Nxb5 d2+ 46. Kxd2
Ra2+ 47. Kd3 axb4 48. Nb3 Rxg2 49. Rxb4 Rxh2 50. N3d4 Rh3+ 51. Ke4 Re8+ 52. Kd5
Rh5+ 53. Kc6 Rc8+ 54. Nc7 Rd8 55. Nce6 Ra8 56. Rb7 Rha5 57. Nc7 Rd8 58. Nde6
Rd1 59. Ng5 Rc1+ 60. Kd6 Rd1+ 61. Ke7 Kg7 62. Nce6+ Kh6 63. Rb2 Rh1 64. Kf7
Rf5+ 65. Kg8 Rxf4 66. Rb7 1-0

[Event "Kandidatklassen 2015"]
[Site "Svendborg"]
[Date "2015.04.05"]
[Round "6"]
[White "Ochsner, Bjorn Moller"]
[Black "Aabling Thomsen, Jakob"]
[Result "1-0"]
[WhiteElo "2363"]
[BlackElo "2333"]
[PlyCount "63"]
[EventDate "2015.??.??"]

1. e4 c5 2. Nf3 d6 3. d4 cxd4 4. Nxd4 Nf6 5. Nc3 g6 6. Be3 Bg7 7. f3 O-O 8. Qd2
Nc6 9. O-O-O d5 10. Qe1 e6 11. Kb1 Qe7 12. Nb3 Rd8 13. Bc5 Qc7 14. exd5 exd5
15. Qg3 Qxg3 16. hxg3 Be6 17. Nb5 Nh5 18. g4 Ng3 19. Rg1 Nxf1 20. Rgxf1 Rd7 21.
Bf2 b6 22. N3d4 Nd8 23. Rfe1 Rc8 24. Re2 a6 25. Nc3 b5 26. Bh4 Rc4 27. Nxe6
Nxe6 28. Nxd5 Kf8 29. Red2 Rd4 30. Rxd4 Bxd4 31. Nb4 Rb7 32. Nxa6 1-0

[Event "Kandidatklassen 2015"]
[Site "Svendborg"]
[Date "2015.04.05"]
[Round "6"]
[White "Thogersen, Rasmus"]
[Black "Haubro, Martin"]
[Result "0-1"]
[WhiteElo "2133"]
[BlackElo "2308"]
[PlyCount "56"]
[EventDate "2015.??.??"]

1. d4 Nf6 2. c4 e6 3. Nc3 c5 4. d5 exd5 5. cxd5 d6 6. Nf3 g6 7. Bf4 Bg7 8. Qa4+
Bd7 9. Qb3 Qc7 10. e4 O-O 11. Nd2 Nh5 12. Be3 Na6 13. Be2 b5 14. Bxh5 gxh5 15.
Nxb5 Qa5 16. Nxd6 Rab8 17. Qd1 Bxb2 18. N6c4 Qc3 19. Nxb2 Rxb2 20. Rc1 Qg7 21.
Qxh5 Nb4 22. O-O Bg4 23. Qh4 Nd3 24. Bh6 Qg6 25. Rc3 Be2 26. Re1 Rfb8 27. Rxe2
Rxd2 28. Re1 Nxe1 0-1

[Event "Kandidatklassen 2015"]
[Site "Svendborg"]
[Date "2015.04.05"]
[Round "6"]
[White "Matthiesen, Martin"]
[Black "Jaksland, Tim"]
[Result "1/2-1/2"]
[WhiteElo "2282"]
[BlackElo "2277"]
[PlyCount "105"]
[EventDate "2015.??.??"]

1. Nf3 c5 2. c4 Nc6 3. Nc3 g6 4. e3 Nf6 5. d4 cxd4 6. exd4 d5 7. cxd5 Nxd5 8.
Bc4 Nxc3 9. Qb3 Nd5 10. Bxd5 e6 11. Bxc6+ bxc6 12. O-O Be7 13. Be3 Qd5 14. Rfc1
f6 15. Ne1 Kf7 16. Nd3 Qxb3 17. axb3 Bd7 18. Nc5 Bxc5 19. Rxc5 Rhb8 20. Ra3 Ke7
21. Bd2 Rb5 22. b4 Rxc5 23. bxc5 Rb8 24. b4 Rb7 25. g4 Kf7 26. Rf3 Bc8 27. Bc3
Rd7 28. g5 f5 29. Rh3 Kg8 30. Re3 Kf7 31. Kg2 Ba6 32. Kf3 Bb5 33. Kf4 Bf1 34.
h4 a6 35. Re1 Bc4 36. Rh1 Rd5 37. h5 Kg7 38. hxg6 hxg6 39. Re1 Kf7 40. Rh1 Kg7
41. Ba1 Bb5 42. Ke3 Kg8 43. f3 Bc4 44. Bc3 Bb5 45. Rh6 Kg7 46. Be1 e5 47. Bc3
Kf7 48. Rh4 f4+ 49. Ke4 exd4 50. Bxd4 Rxg5 51. Rxf4+ Rf5 52. Rh4 Rh5 53. Rf4+
1/2-1/2

[Event "Kandidatklassen 2015"]
[Site "Svendborg"]
[Date "2015.04.05"]
[Round "6"]
[White "Dyrgaard, Kristoffer"]
[Black "Hansen, Mads"]
[Result "1-0"]
[WhiteElo "2256"]
[BlackElo "2273"]
[PlyCount "57"]
[EventDate "2015.??.??"]

1. e4 e5 2. Bc4 Nf6 3. d3 Nc6 4. Nc3 Bc5 5. f4 d6 6. Nf3 Bg4 7. Na4 O-O 8. c3
exf4 9. Nxc5 dxc5 10. Bxf4 Nh5 11. Be3 Ne5 12. O-O Qd6 13. Nxe5 Bxd1 14. Nxf7
Rxf7 15. Rxf7 Kh8 16. Rxd1 b5 17. Bxb5 h6 18. Rdf1 Kh7 19. Bc4 Rb8 20. b3 Rb6
21. R7f5 Nf6 22. Bxc5 Qc6 23. Bd4 Rb8 24. Rxf6 gxf6 25. Rxf6 Qb7 26. Rf7+ Kg6
27. Rg7+ Kh5 28. Bf7+ Kh4 29. Bf6# 1-0

[Event "Kandidatklassen 2015"]
[Site "Svendborg"]
[Date "2015.04.05"]
[Round "6"]
[White "Olsen, Filip Boe"]
[Black "Seegert, Kristian"]
[Result "1/2-1/2"]
[WhiteElo "2062"]
[BlackElo "2180"]
[PlyCount "84"]
[EventDate "2015.??.??"]

1. d4 f5 2. Nf3 Nf6 3. g3 g6 4. Bg2 Bg7 5. c4 O-O 6. Nc3 d6 7. O-O c6 8. d5 Bd7
9. Be3 Na6 10. Rc1 c5 11. Qd2 Nc7 12. Bh6 b5 13. Bxg7 Kxg7 14. b3 Rb8 15. Rb1
Qc8 16. Rfe1 bxc4 17. bxc4 Rb4 18. Qd3 Qa6 19. Nd2 e5 20. dxe6 Bxe6 21. Rec1
Bxc4 22. Nxc4 Qxc4 23. Qxd6 Rxb1 24. Rxb1 Qxc3 25. Qxc7+ Rf7 26. Qf4 Qc2 27.
Rc1 Qxe2 28. Rxc5 Qxa2 29. Qe5 Qb1+ 30. Bf1 Qe4 31. Qc3 Rd7 32. Rc7 Qe7 33. Rc6
Rd6 34. Rc7 Rd7 35. Rc6 Qd8 36. Ra6 Rc7 37. Qa1 Qe7 38. Qd4 Rd7 39. Qa1 Qf7 40.
Qe5 Rd5 41. Qa1 Rd7 42. Qe5 Re7 1/2-1/2

[Event "Kandidatklassen 2015"]
[Site "Svendborg"]
[Date "2015.04.05"]
[Round "6"]
[White "Furrer, Christian"]
[Black "Thybo, Jesper Sondergaard"]
[Result "0-1"]
[WhiteElo "2146"]
[BlackElo "2226"]
[PlyCount "84"]
[EventDate "2015.??.??"]

1. d4 Nf6 2. c4 g6 3. Nc3 d5 4. cxd5 Nxd5 5. e4 Nxc3 6. bxc3 Bg7 7. Bc4 c5 8.
Ne2 Nc6 9. Be3 O-O 10. O-O Qc7 11. Rb1 Rd8 12. Qc1 e6 13. Bf4 e5 14. Bg5 Rf8
15. dxc5 Na5 16. Bd5 Qxc5 17. Ng3 Be6 18. Bxe6 fxe6 19. Qd2 Rf7 20. Be3 Qc7 21.
Rfd1 Bf8 22. Nf1 b6 23. Rbc1 Nc4 24. Qe2 Rc8 25. Rd3 Qc6 26. f3 Qa4 27. Qc2 Qa6
28. Kh1 Ba3 29. Rcd1 Nb2 30. Rd8+ Kg7 31. Qc1 Re7 32. R1d7 Nd3 33. Qd2 Nf4 34.
Ng3 Rxd8 35. Rxd8 Qb5 36. h4 Rf7 37. Ne2 Qxe2 38. Bxf4 Qf1+ 39. Kh2 exf4 40.
Qd4+ Kh6 41. Qe5 Be7 42. Rd7 Bxh4 0-1

[Event "Kandidatklassen 2015"]
[Site "Svendborg"]
[Date "2015.04.05"]
[Round "6"]
[White "Pedersen, Henrik Dahl"]
[Black "Bekker Jensen, David"]
[Result "1-0"]
[WhiteElo "2169"]
[BlackElo "2228"]
[PlyCount "69"]
[EventDate "2015.??.??"]

1. c4 g6 2. g3 Bg7 3. Bg2 d6 4. Nc3 Nc6 5. d3 e5 6. e3 h5 7. h3 Nge7 8. Nge2
Be6 9. Qa4 d5 10. b4 a5 11. bxa5 Rxa5 12. Qb3 O-O 13. cxd5 Nxd5 14. Nxd5 Bxd5
15. Bxd5 Qxd5 16. Qxd5 Rxd5 17. Rb1 b6 18. Rb3 Rfd8 19. Kd2 Na5 20. Rc3 c5 21.
e4 R5d7 22. Kc2 Bf8 23. Bg5 Rb8 24. Nc1 b5 25. Nb3 Nc6 26. Nxc5 Rc7 27. Rc1 Ra7
28. Kd1 Nd4 29. Nb3 Rxa2 30. Nxd4 exd4 31. Rc8 Rxc8 32. Rxc8 Kg7 33. e5 Bb4 34.
Bf6+ Kh6 35. Rh8# 1-0

[Event "Kandidatklassen 2015"]
[Site "Svendborg"]
[Date "2015.04.05"]
[Round "6"]
[White "Rossen, Claus"]
[Black "Pedersen, Jan Nordenbaek"]
[Result "1-0"]
[WhiteElo "2172"]
[BlackElo "2143"]
[PlyCount "61"]
[EventDate "2015.??.??"]

1. e4 e5 2. Nf3 Nc6 3. d4 exd4 4. Nxd4 Nf6 5. Nxc6 bxc6 6. e5 Qe7 7. Qe2 Nd5 8.
c4 Ba6 9. b3 Qh4 10. a3 Bc5 11. g3 Bxf2+ 12. Qxf2 Qe4+ 13. Kd2 Qxh1 14. Bg2
Qxh2 15. cxd5 O-O 16. Nc3 f6 17. dxc6 Kh8 18. e6 dxe6 19. Kc2 Qh5 20. Be3 Rfd8
21. Be4 f5 22. g4 Qxg4 23. Rg1 Qh5 24. Bd4 Rg8 25. Bf3 Qh6 26. Rh1 Qg6 27. Bh5
Qh6 28. Qg1 e5 29. Bg6 hxg6 30. Rxh6+ gxh6 31. Qh2 1-0

[Event "Kandidatklassen 2015"]
[Site "Svendborg"]
[Date "2015.04.05"]
[Round "6"]
[White "Nielsen, Viktor Haarmark"]
[Black "Moller, Sophus Mechlenburg"]
[Result "0-1"]
[WhiteElo "2097"]
[BlackElo "2051"]
[PlyCount "64"]
[EventDate "2015.??.??"]

1. e4 c5 2. b3 d6 3. Bb2 Nf6 4. Nc3 Nc6 5. Bb5 Bd7 6. f4 a6 7. Bxc6 Bxc6 8. Qe2
e6 9. Nf3 Be7 10. d4 O-O 11. O-O-O b5 12. e5 b4 13. exf6 bxc3 14. fxe7 cxb2+
15. Kb1 Qxe7 16. d5 Bb5 17. c4 Bd7 18. g3 a5 19. Nh4 a4 20. Qxb2 axb3 21. axb3
Ba4 22. Rd3 Rfb8 23. Re1 Qa7 24. Ree3 exd5 25. cxd5 c4 26. Nf5 f6 27. Rc3 Bxb3
28. Ne7+ Kf8 29. Nc6 Ba2+ 30. Ka1 Rxb2 31. Nxa7 Rb3 32. Kxa2 Rxa7# 0-1

[Event "Kandidatklassen 2015"]
[Site "Svendborg"]
[Date "2015.04.05"]
[Round "6"]
[White "Stojanovski, Sandi"]
[Black "Jacobsen, Mikkel Manosri"]
[Result "1/2-1/2"]
[WhiteElo "2210"]
[BlackElo "2099"]
[PlyCount "31"]
[EventDate "2015.??.??"]

1. e4 c6 2. d4 d5 3. exd5 cxd5 4. c4 Nf6 5. Nc3 Nc6 6. Nf3 Bg4 7. cxd5 Nxd5 8.
Qb3 Bxf3 9. gxf3 e6 10. Qxb7 Nxd4 11. Bb5+ Nxb5 12. Qc6+ Ke7 13. Qxb5 Qd7 14.
Nxd5+ Qxd5 15. Qxd5 exd5 16. Ke2 1/2-1/2

[Event "Kandidatklassen 2015"]
[Site "Svendborg"]
[Date "2015.04.05"]
[Round "6"]
[White "Bjerre, Jonas Buhl"]
[Black "Rendboe, John Filip"]
[Result "1/2-1/2"]
[WhiteElo "2165"]
[BlackElo "2195"]
[PlyCount "55"]
[EventDate "2015.??.??"]

1. e4 c5 2. Nf3 Nc6 3. d4 cxd4 4. Nxd4 e5 5. Nb5 Nf6 6. N1c3 d6 7. Bg5 a6 8.
Na3 b5 9. Nd5 Be7 10. Bxf6 Bxf6 11. c3 O-O 12. Nc2 Rb8 13. Be2 Bg5 14. O-O a5
15. b4 axb4 16. cxb4 Ne7 17. Nc3 Be6 18. Nxb5 d5 19. Nc3 d4 20. Na4 Ra8 21. Nc5
Bxa2 22. Ne1 Qd6 23. Qc2 Be6 24. Ned3 Rac8 25. Qb2 Bc4 26. Qc2 Be6 27. Qb2 Bc4
28. Qc2 1/2-1/2

[Event "Kandidatklassen 2015"]
[Site "Svendborg"]
[Date "2015.04.05"]
[Round "6"]
[White "Christensen, Thomas (1976)"]
[Black "Andersen, Rune Egede"]
[Result "1-0"]
[WhiteElo "2134"]
[BlackElo "2160"]
[PlyCount "83"]
[EventDate "2015.??.??"]

1. Nc3 c5 2. e4 Nc6 3. g3 g6 4. Bg2 Bg7 5. Nh3 e5 6. O-O d6 7. d3 h6 8. f4 Nge7
9. Be3 Be6 10. fxe5 Nxe5 11. Nf4 Qd7 12. Nxe6 Qxe6 13. Nd5 Nxd5 14. exd5 Qd7
15. c3 O-O 16. Qd2 Kh7 17. h3 Rae8 18. b3 Qb5 19. Rad1 b6 20. d4 Nd7 21. Bf4
cxd4 22. cxd4 Nf6 23. Bxd6 Re2 24. Qd3 Rxg2+ 25. Kxg2 Qxd5+ 26. Rf3 Qxd6 27. d5
Nd7 28. Qa6 Qc7 29. Qc4 Qxc4 30. bxc4 Ne5 31. Rc3 Rd8 32. c5 bxc5 33. Rxc5 Rd7
34. d6 a6 35. Rdd5 f6 36. Rc7 Kg8 37. Rxe5 Rxd6 38. Re8+ Bf8 39. Rcc8 Rd2+ 40.
Kf3 Rxa2 41. Rxf8+ Kg7 42. Rfe8 1-0

[Event "Kandidatklassen 2015"]
[Site "Svendborg"]
[Date "2015.04.06"]
[Round "7"]
[White "Seegert, Kristian"]
[Black "Thogersen, Rasmus"]
[Result "1-0"]
[WhiteElo "2180"]
[BlackElo "2133"]
[PlyCount "57"]
[EventDate "2015.??.??"]

1. e4 c5 2. Nf3 d6 3. d4 cxd4 4. Nxd4 Nf6 5. Nc3 a6 6. h3 e6 7. g4 Nc6 8. Bg2
Nd7 9. Be3 Be7 10. h4 Qc7 11. g5 b5 12. e5 Ndxe5 13. f4 Bb7 14. Nxe6 fxe6 15.
fxe5 Nxe5 16. Qh5+ g6 17. Qe2 Bxg2 18. Qxg2 Qc6 19. Qh3 b4 20. Ne2 Qxc2 21. Nf4
h6 22. Nxe6 hxg5 23. O-O g4 24. Qh1 Kd7 25. Nd4 Qd3 26. Qb7+ Ke8 27. Qxa8+ Bd8
28. Rae1 Rxh4 29. Rf8+ 1-0

[Event "Kandidatklassen 2015"]
[Site "Svendborg"]
[Date "2015.04.06"]
[Round "7"]
[White "Haubro, Martin"]
[Black "Kolbak, Jens"]
[Result "1/2-1/2"]
[WhiteElo "2308"]
[BlackElo "2208"]
[PlyCount "140"]
[EventDate "2015.??.??"]

1. e4 e5 2. Nf3 Nc6 3. Bb5 a6 4. Ba4 Nf6 5. O-O Nxe4 6. d4 b5 7. Bb3 d5 8. dxe5
Be6 9. c3 Bc5 10. Nbd2 O-O 11. Bc2 f5 12. Nb3 Bb6 13. Nbd4 Qd7 14. Nxc6 Qxc6
15. Nd4 Qd7 16. f3 Nc5 17. Kh1 a5 18. Be3 Rab8 19. Qd2 c6 20. Qf2 Na4 21. b3
Bxd4 22. Bxd4 c5 23. bxa4 cxd4 24. cxd4 bxa4 25. Rab1 Rb4 26. Qd2 Rc8 27. Rfc1
Rcc4 28. a3 Rxd4 29. Qg5 h6 30. Qg6 Rxb1 31. Rxb1 Qc8 32. g4 Rc4 33. Bxf5 Bxf5
34. gxf5 Rc1+ 35. Rxc1 Qxc1+ 36. Kg2 Qb2+ 37. Kh3 Qxe5 38. Qe6+ Qxe6 39. fxe6
Kf8 40. Kg4 Ke7 41. Kf5 d4 42. Ke4 Kxe6 43. Kxd4 Kf5 44. Kc4 Kf4 45. Kb5 g5 46.
Kxa4 Kxf3 47. Kxa5 g4 48. a4 Kg2 49. Kb5 Kxh2 50. a5 g3 51. a6 g2 52. a7 g1=Q
53. a8=Q Qg5+ 54. Kc4 h5 55. Qb8+ Qg3 56. Qb2+ Kh3 57. Qh8 h4 58. Kb5 Kh2 59.
Qb2+ Kh1 60. Qb1+ Kh2 61. Qb2+ Kh3 62. Qh8 Qb3+ 63. Ka5 Qd5+ 64. Ka6 Qe6+ 65.
Ka5 Qe1+ 66. Kb5 Kg2 67. Qg7+ Qg3 68. Qb2+ Qf2 69. Qg7+ Qg3 70. Qb2+ Kh3
1/2-1/2

[Event "Kandidatklassen 2015"]
[Site "Svendborg"]
[Date "2015.04.06"]
[Round "7"]
[White "Jaksland, Tim"]
[Black "Ochsner, Bjorn Moller"]
[Result "0-1"]
[WhiteElo "2277"]
[BlackElo "2363"]
[PlyCount "84"]
[EventDate "2015.??.??"]

1. Nf3 d5 2. c4 d4 3. b4 f6 4. e3 e5 5. c5 a5 6. Nxe5 fxe5 7. Qh5+ Kd7 8. Qf5+
Ke7 9. Qxe5+ Be6 10. Bc4 Qd7 11. b5 c6 12. Na3 Kf7 13. exd4 Be7 14. Rb1 Bf6 15.
Qxe6+ Qxe6+ 16. Bxe6+ Kxe6 17. Nc4 Ne7 18. O-O Kf7 19. Re1 Rd8 20. Nd6+ Kf8 21.
d3 cxb5 22. Nxb5 Rd7 23. Bf4 Nbc6 24. Bd6 Kf7 25. Re4 Nf5 26. d5 Nb4 27. g4 Nh4
28. Nc7 Rc8 29. a3 Nf3+ 30. Kg2 Nd2 31. Rbxb4 axb4 32. Rxb4 Rcxc7 33. Bxc7 Rxc7
34. d4 Rd7 35. d6 Ke6 36. Rb2 Nc4 37. Re2+ Kd5 38. f4 Na5 39. g5 Bxd4 40. Re7
Kc6 41. f5 Rxe7 42. dxe7 Kd7 0-1